1220 1028 1199 1976 1668 1738 1126 1915 1147 1366 1728 1213 1607 1034 1675 1508 1381 1846 1548 1596 1430 1541 1068 1455 1890 1047 1498 1320 1492 1427 1641 1061 1471 1603 1729 1235 1532 1715 1232 1815 1991 1739 1123 1593 1413 1782 1956 1076 1750 1446 1878 1637 1457 1008 1522 1812 1686 1000 1609 1425 1614 1076 1049 1997 1832 1278 1123 1118 1267 1270 1951 1301 1632 1447 1896 1264 1078 1079 1494 1928 1519 1034 1121 1223 1280 1176 1576 1869 1780 1449 1187 1185 1053 1394 1342 1874 1528 1503 1061 BCNSPRNW ULIB Ver.6.0+V

เปลี่ยนเป็นภาษาไทย

Change to English
 แสดงรายละเอียดบรรณานุกรม
  กลับหน้าหลัก

Brief Record : Get Marc (ISO 2709) : E-mail record : QR code < ปิดหน้าต่าง
LEADER : 00000nam 2200000uu 4500
001    13399124795
003     ULIB
008    160324s2015||||th 000 0 eng d
020    ^a9781284048353 (pbk.)
060 04 ^aWY86^bM423n 2015
100 1  ^aMasters, Kathleen
245 10 ^aNursing theories :^ba framework for professional practic /^cKathleen Masters
250    ^a2nd ed.
260    ^aBurlington, Massachusetts :^bJones & Bartlett Learning, ^c[2015]
300    ^axviii, 406 pages ;^c23 cm.
500    ^aIncludes index
504    ^aIncludes bibliographical references and index
650  0 ^aNursing models
650  0 ^aNursing^xPhilosophy
650  2 ^aNursing Theory
650  2 ^aModels, Nursing
945    ^p3780^l0^i000344
999    ^aเกษร โพธิ์สุวรรณ
รายการนี้ยังไม่มีแท็ก
คุณยังไม่ได้ล็อกอิน คุณสามารถมีกิจกรรมร่วมกับเว็บไซต์ได้ แต่ต้องล็อกอินก่อน ::
  ล็อกอิน

รายการสื่อสารสนเทศ

ลำดับที่ ประเภท เลขเรียก/บาร์โค้ด สถานที่ สถานะ
1. Book การพยาบาล
Book การพยาบาล
WY86 M423n 2015 ฉ.1 
  Barcode: 000344
ห้องสมุดวิทยาเขตสวรรค์ประชารักษ์
►หนังสือทั่วไป
บนชั้น

รายการใกล้เคียง
    หัวเรื่อง [Nursing Theory]
    หัวเรื่อง [Models, Nursing]

BibComment


ยังไม่เคยถูกคอมเมนท์

คอมเมนท์ทรัพยากรรายการนี้
  คอมเมนท์: Nursing theories..


 Copyright 2026. Bcnsprnw @Library